00258nam a2200097Ia 4500008004100000100002400041245002800065260004300093942000700136999001700143190216s9999||||xx |||||||||||||| ||und|| aRaja Raja Varma A R 0aMalayalam-Vrithamanjari bSahithya Pravarthaka Sahakarana Sangam cBK c30338d30338